00299nam a2200109Ia 4500008004000000082001800040100002400058245004700082260003800129300000800167650001400175210210b1981 xxu||||| |||| 00| 0 eng d a342.0667 SHAI aSHARMA (Girdhar B). aImplementation of ombudsman plan in India. aNDbAshish publishing housec1981 a268 aOmbudsman